Zeitgeist und Erziehungskunst: eine Einführung in die Kulturgeschichte der Erziehung in Deutschland von 1600 bis 1900
| Main Author: | |
|---|---|
| Format: | Print Book |
| Language: | German |
| Published: |
Darmstadt
Wissenschaftliche Buchgesellschaft
[1984]
|
| In: | Year: 1984 |
| Online Access: |
Table of Contents Table of Contents |
| Availability in Tübingen: | Present in Tübingen. UB: 24 A 7200 |
| Availability in Albert-Krebs Library: | VA.00.034 1996-1080 |
| Check availability: | HBZ Gateway |
| Subito Delivery Service: | Order now. |
| Keywords: |
MARC
| LEADER | 00000cam a2200000 c 4500 | ||
|---|---|---|---|
| 001 | 027399559 | ||
| 003 | DE-627 | ||
| 005 | 20260206203708.0 | ||
| 007 | tu | ||
| 008 | 710101s1984 gw ||||| 00| ||ger c | ||
| 015 | |a 84,N08,0165 |2 dnb | ||
| 015 | |a 84,A31,0334 |2 dnb | ||
| 016 | 7 | |a 840221991 |2 DE-101 | |
| 020 | |a 3534012356 |c Festeinband : DM 52.00 |9 3-534-01235-6 | ||
| 035 | |a (DE-627)027399559 | ||
| 035 | |a (DE-603)020160577 | ||
| 035 | |a (DE-576)009371109 | ||
| 035 | |a (DE-599)GBV027399559 | ||
| 035 | |a (OCoLC)10771020 | ||
| 035 | |a (OCoLC)239895395 | ||
| 035 | |a (OCoLC)310843021 | ||
| 035 | |a (OCoLC)239895395 | ||
| 035 | |a (AT-OBV)AC00253963 | ||
| 035 | |a (DE-604)800255044x | ||
| 040 | |a DE-627 |b ger |c DE-627 |e rda | ||
| 041 | |a ger | ||
| 044 | |c XA-DE-HE | ||
| 082 | 0 | |a 370/.943 |q OCLC | |
| 082 | 0 | |a 370/.943 19 |q OCLC |2 22 | |
| 082 | 0 | |a 370.943 |2 DDC19oclc | |
| 084 | |a PÄ 30 |2 sfb | ||
| 084 | |a PÄ 335 (30) |2 sfb | ||
| 084 | |a 22 |2 sdnb | ||
| 084 | |a 22 |a 63 |2 sdnb | ||
| 084 | |a 1 |2 ssgn | ||
| 084 | |a DD 1000 |2 rvk |0 (DE-625)rvk/19286: | ||
| 084 | |a DD 4000 |2 rvk |0 (DE-625)rvk/19289: | ||
| 084 | |a DD 4400 |2 rvk |0 (DE-625)rvk/19293: | ||
| 084 | |a NU 8100 |2 rvk |0 (DE-625)rvk/131522: | ||
| 084 | |a 15.40 |2 bkl | ||
| 084 | |a 80.01 |2 bkl | ||
| 084 | |a 81.01 |2 bkl | ||
| 100 | 1 | |a Fertig, Ludwig |d 1937- |e VerfasserIn |0 (DE-588)123549701 |0 (DE-627)082623368 |0 (DE-576)293761973 |4 aut | |
| 109 | |a Fertig, Ludwig 1937- | ||
| 245 | 1 | 0 | |a Zeitgeist und Erziehungskunst |b eine Einführung in die Kulturgeschichte der Erziehung in Deutschland von 1600 bis 1900 |c Ludwig Fertig |
| 264 | 1 | |a Darmstadt |b Wissenschaftliche Buchgesellschaft |c [1984] | |
| 264 | 4 | |c © 1984 | |
| 300 | |a XII, 411 Seiten |b Illustrationen |c 20 cm | ||
| 336 | |a Text |b txt |2 rdacontent | ||
| 337 | |a ohne Hilfsmittel zu benutzen |b n |2 rdamedia | ||
| 338 | |a Band |b nc |2 rdacarrier | ||
| 500 | |a Literatur- u. Quellenverzeichnis: Seite 377-411 | ||
| 505 | 8 | |a Literaturverz. S. 377 - 411 | |
| 583 | 1 | |a Archivierung/Langzeitarchivierung gewährleistet |c 20211025 |f SLG |x XA-DE-BW |z Buchnachlass |2 pdager |5 DE-25 | |
| 583 | 1 | |a Archivierung/Langzeitarchivierung gewährleistet |c 20211220 |f SLG |x XA-DE-BW |z Provenienz |2 pdager |5 DE-25 | |
| 583 | 1 | |a Archivierung/Langzeitarchivierung gewährleistet |f SSG |x XA-DE-BW |2 pdager |5 DE-21 | |
| 583 | 1 | |a Archivierung/Langzeitarchivierung gewährleistet |f PEHE |2 pdager |5 DE-17 | |
| 648 | 7 | |a Geschichte 1600-1900 |2 gnd | |
| 650 | 0 | |a Education |x Germany |x History | |
| 650 | 0 | 7 | |0 (DE-588)4044302-4 |0 (DE-627)106206168 |0 (DE-576)209060174 |a Pädagogik |2 gnd |
| 650 | 0 | 7 | |0 (DE-588)4006681-2 |0 (DE-627)10637673X |0 (DE-576)208866574 |a Bildungswesen |2 gnd |
| 650 | 4 | |a Geschichte 1600-1900 | |
| 650 | 4 | |a Erziehungswissenschaft | |
| 650 | 4 | |a Pädagogische Psychologie | |
| 650 | 4 | |a Bildung | |
| 650 | 4 | |a Bildungstradition | |
| 650 | 4 | |a Erziehung | |
| 650 | 4 | |a Jahrhundert, 17. / Bildung, Erziehung | |
| 650 | 4 | |a Jahrhundert, 18. / Bildung, Erziehung | |
| 650 | 4 | |a Jahrhundert, 19. / Bildung, Erziehung | |
| 650 | 4 | |a Erziehung |x Geschichte <1600 - 1900> |7 (dpeaa)DE-2619 | |
| 650 | 4 | |a Bildungs- und Erziehungswesen |7 (dpeaa)DE-2619 | |
| 650 | 4 | |a Erziehung, Berufsbildung, Frauenbildung, allgemein bildende Schule, Unterricht, Kind | |
| 651 | 7 | |0 (DE-588)4011882-4 |0 (DE-627)104704861 |0 (DE-576)208896155 |a Deutschland |2 gnd | |
| 689 | 0 | 0 | |d g |0 (DE-588)4011882-4 |0 (DE-627)104704861 |0 (DE-576)208896155 |a Deutschland |2 gnd |
| 689 | 0 | 1 | |d s |0 (DE-588)4015482-8 |0 (DE-627)106336592 |0 (DE-576)208911901 |a Erziehung |2 gnd |
| 689 | 0 | 2 | |d s |0 (DE-588)4125698-0 |0 (DE-627)104470348 |0 (DE-576)209578750 |a Kultur |2 gnd |
| 689 | 0 | 3 | |a z |2 gnd |a Geschichte 1600-1900 |
| 689 | 0 | |5 DE-101 | |
| 689 | 1 | 0 | |d s |0 (DE-588)4044302-4 |0 (DE-627)106206168 |0 (DE-576)209060174 |a Pädagogik |2 gnd |
| 689 | 1 | 1 | |d s |0 (DE-588)4067477-0 |0 (DE-627)106108859 |0 (DE-576)209169982 |a Zeitgeist |2 gnd |
| 689 | 1 | 2 | |a z |2 gnd |a Geschichte |
| 689 | 1 | |5 (DE-627) | |
| 856 | 4 | 2 | |u https://digitale-objekte.hbz-nrw.de/storage/2008/10/13/file_221/2527838.pdf |m V:DE-605 |m X:migimw |q application/pdf |v 2025-07-00 |3 Inhaltsverzeichnis |7 1 |
| 856 | 4 | 2 | |u http://scans.hebis.de/HEBCGI/show.pl?02016057_toc.pdf |m V:DE-603;B:DE-17 |q application/pdf |3 Inhaltsverzeichnis |7 1 |
| 889 | |w (DE-627)433022450 | ||
| 935 | |a mteo |a mkri | ||
| 935 | |i mdedup | ||
| 935 | |i Blocktest | ||
| 935 | |h HEB |i 0501 | ||
| 935 | |h HEB |i 0503 | ||
| 936 | r | v | |a DD 1000 |b Gesamtdarstellungen |k Pädagogik |k Geschichte der Pädagogik und des Bildungswesens |k Gesamtdarstellungen |0 (DE-627)1270767380 |0 (DE-625)rvk/19286: |0 (DE-576)200767380 |
| 936 | r | v | |a DD 4000 |b Neuzeit |k Pädagogik |k Geschichte der Pädagogik und des Bildungswesens |k Neuzeit |0 (DE-627)1270767410 |0 (DE-625)rvk/19289: |0 (DE-576)200767410 |
| 936 | r | v | |a DD 4400 |b Barock/Aufklärung |k Pädagogik |k Geschichte der Pädagogik und des Bildungswesens |k Barock/Aufklärung |0 (DE-627)1270767461 |0 (DE-625)rvk/19293: |0 (DE-576)200767461 |
| 936 | r | v | |a NU 8100 |b Darstellungen |k Geschichte |k Geschichte der Wissenschaften und des Unterrichtswesens |k Geschichte der Schulen und des Bildungswesens |k Darstellungen |0 (DE-627)1271497611 |0 (DE-625)rvk/131522: |0 (DE-576)201497611 |
| 936 | b | k | |a 15.40 |j Deutsche Geschichte: Allgemeines |0 (DE-627)181569612 |
| 936 | b | k | |a 80.01 |j Geschichte der Pädagogik und Erziehung |0 (DE-627)106414429 |
| 936 | b | k | |a 81.01 |j Geschichte des Bildungswesens |0 (DE-627)106414518 |
| 936 | s | n | |a d100 |2 mzub |
| 936 | s | n | |a n100 |2 mzub |
| 951 | |a BO | ||
| ELC | |b 1 | ||
| LOK | |0 000 xxxxxcx a22 zn 4500 | ||
| LOK | |0 001 3194975005 | ||
| LOK | |0 003 DE-627 | ||
| LOK | |0 004 027399559 | ||
| LOK | |0 005 20020518000000 | ||
| LOK | |0 008 930504||||||||||||||||ger||||||| | ||
| LOK | |0 040 |a DE-21 |c DE-627 |d DE-21 | ||
| LOK | |0 852 |a DE-21 | ||
| LOK | |0 852 1 |c 24 A 7200 |9 00 | ||
| LOK | |0 935 |a kram |a konv | ||
| LOK | |0 939 |a 04-05-93 |b l01 | ||
| LOK | |0 000 xxxxxcx a22 zn 4500 | ||
| LOK | |0 001 3194975102 | ||
| LOK | |0 003 DE-627 | ||
| LOK | |0 004 027399559 | ||
| LOK | |0 005 20100408031400 | ||
| LOK | |0 008 990705||||||||||||||||ger||||||| | ||
| LOK | |0 040 |a DE-21-31 |c DE-627 |d DE-21-31 | ||
| LOK | |0 541 |e 99/500 | ||
| LOK | |0 852 |a DE-21-31 | ||
| LOK | |0 852 1 |c Xa V b 15 |m p |9 00 | ||
| LOK | |0 938 |k p | ||
| LOK | |0 939 |a 05-07-99 |b l01 | ||
| LOK | |0 000 xxxxxcx a22 zn 4500 | ||
| LOK | |0 001 3194975110 | ||
| LOK | |0 003 DE-627 | ||
| LOK | |0 004 027399559 | ||
| LOK | |0 005 20100407000304 | ||
| LOK | |0 008 050716||||||||||||||||ger||||||| | ||
| LOK | |0 040 |a DE-21-43 |c DE-627 |d DE-21-43 | ||
| LOK | |0 541 |e 84/1020 | ||
| LOK | |0 852 |a DE-21-43 | ||
| LOK | |0 852 1 |c Bd 82 |m p |9 00 | ||
| LOK | |0 935 |a k043 | ||
| LOK | |0 938 |k p | ||
| LOK | |0 939 |a 16-07-05 |b l01 | ||
| LOK | |0 000 xxxxxcx a22 zn 4500 | ||
| LOK | |0 001 4196224393 | ||
| LOK | |0 003 DE-627 | ||
| LOK | |0 004 027399559 | ||
| LOK | |0 005 20221011145830 | ||
| LOK | |0 008 221011||||||||||||||||ger||||||| | ||
| LOK | |0 035 |a (DE-2619)k00946 | ||
| LOK | |0 040 |a DE-2619 |c DE-627 |d DE-2619 | ||
| LOK | |0 092 |o n | ||
| LOK | |0 541 |e Bestand Albert-Krebs-Bibliothek: 1996-1080 | ||
| LOK | |0 852 |a DE-2619 | ||
| LOK | |0 852 1 |c VA.00.034 |m p |9 00 | ||
| LOK | |0 935 |a kreb | ||
| LOK | |0 938 |k p | ||
| LOK | |0 939 |a 11-10-22 |b l01 | ||
| ORI | |a SA-MARC-krimdoka001.raw | ||
| SIG | |a UB: 24 A 7200 | ||
| TIM | |a 100016000101_100019001231 |b Geschichte 1600-1900 | ||
